[Event "Commonwealth-ch U18"]
[Site "New Delhi"]
[Date "2018.06.26"]
[Round "1"]
[White "Rogge, Conrad"]
[Black "Hemanth, Raam"]
[Result "0-1"]
[WhiteElo "1621"]
[BlackElo "1952"]
[PlyCount "98"]
[EventDate "2018.06.26"]
[EventType "swiss"]
[EventRounds "7"]
[EventCountry "IND"]
[SourceTitle "EXT 2019"]
[Source "ChessBase"]
[SourceDate "2018.10.10"]
[SourceVersion "1"]
[SourceVersionDate "2018.10.10"]
[SourceQuality "1"]

1. e4 e5 2. Nf3 Nc6 3. Bc4 Nf6 4. d3 Be7 5. Bg5 d6 6. h3 0-0 7. Nbd2 Na5 8. a3 Nxc4 9. Nxc4 Re8 10. Qd2 Be6 11. Bxf6 Bxf6 12. 0-0 d5 13. Ne3 c6 14. Qb4 Qd7 15. Rad1 a5 16. Qd2 g6 17. Nh2 Bg7 18. Qe2 Qc7 19. Qf3 d4 20. Nc4 a4 21. Rfe1 b5 22. Nd2 c5 23. Ng4 f5 24. exf5 gxf5 25. Nh2 Qd7 26. Qg3 Bd5 27. Re2 Ra6 28. f3 c4 29. Rde1 c3 30. bxc3 dxc3 31. Nb1 Rg6 32. Qf2 Rc8 33. Nf1 Qb7 34. Kh1 b4 35. Ne3 Be6 36. Qh4 b3 37. Qxa4 b2 38. Nd1 Bd5 39. Ndxc3 Bxf3 40. Rf2 Rxg2 41. Rxg2 Bxg2+ 42. Kh2 Bxh3 43. Kxh3 Qf3+ 44. Kh2 Qf2+ 45. Kh3 Qxe1 46. Qb3+ Kh8 47. Qe6 Rf8 48. Qb3 Qf1+ 49. Kh2 Bh6 0-1